000 00499nam a2200181 a 4500
001 0356
005 20140414132025.0
008 040910s19uu xx 00 eng d
020 _a0-590-45030-1
050 _aTR
_bG89 1987
100 _aEhlert, Lois
245 _aGrowing vegetable soup /
_cwritten and illustrated by Lois Ehlert.
260 _aNew York :
_bScholastic,
_c1987.
300 _a1 v. p. : ill. ; cm.
650 _aPlants
_xFiction.
650 _aChildren stories.
999 _c113545
_d113545